Paroles Home - Tip Stevens - Statistiques

Statistiques générales
  • Ce quiz a été pris 41 fois
  • Le résultat moyen est 94 sur 100
Statistiques - réponses
Lyrics % Correct
(...)
100%
home
100%
I
100%
me
100%
on
100%
When
100%
You
100%
always
97%
be
97%
coming
97%
don't
97%
hurry
97%
if
97%
I'm
97%
knew
97%
light
97%
So
97%
tell
97%
the
97%
to
97%
why
97%
your
97%
alone
93%
anyone
93%
know
93%
love
93%
say
93%
need
90%
see
90%
Even
86%
even
86%
you're
79%
can't
76%
car
76%
Expecting...
76%
often
76%
didn't
72%
switched
72%
smile
69%
but
66%
days
66%
those
66%
help
59%
Aucun quiz correspondant
Distribution des résultats
% des personnes avec chaque résultat
Percentile par nombre de réponses
Votre historique - résultats
Vous n’avez pas pris ce quiz